书目信息 |
| 题名: |
区块链从入门到精通
|
|
| 作者: | 彭帅兴 著 | |
| 分册: | ||
| 出版信息: | 北京 中国青年出版社 2019.11 |
|
| 页数: | 172页 | |
| 开本: | 24cm | |
| 丛书名: | ||
| 单 册: | ||
| 中图分类: | F713.361.3 | |
| 科图分类: | ||
| 主题词: | 电子商务--dian zi shang wu--支付方式--研究 | |
| 电子资源: | ||
| ISBN: | 978-7-5153-5328-9 | |
| 000 | 00943nam0 2200265 450 | |
| 001 | CAL 0120192895664 | |
| 005 | 20230217093111.0 | |
| 010 | @a978-7-5153-5328-9@dCNY48.00 | |
| 100 | @a20191114d2019 em y0chiy0120 ea | |
| 101 | 0 | @achi |
| 102 | @aCN@b110000 | |
| 105 | @ay a 000yy | |
| 106 | @ar | |
| 200 | 1 | @a区块链从入门到精通@Aqu kuai lian cong ru men dao jing tong@d= Block chain@zeng |
| 210 | @a北京@c中国青年出版社@d2019.11 | |
| 215 | @a172页@d24cm | |
| 314 | @a版权页题: 彭帅兴著 | |
| 320 | @a有书目 (第171-172页) | |
| 330 | @a互联网时代的到来, 区块链这一技术软件产生了, 认识区块链、了解区块链的使用、作用以及区块链使用过程中常见的问题。本书从区块链的概念入手, 让人们明白什么是区块链。 | |
| 510 | 1 | @aBlock chain@zeng |
| 606 | 0 | @a电子商务@Adian zi shang wu@x支付方式@x研究 |
| 690 | @aF713.361.3@v5 | |
| 701 | 0 | @a彭帅兴@Apeng shuai xing@4著 |
| 801 | 0 | @aCN@bBJXHZP@c20230222 |
| 905 | @b1393391-4@dF713.361.3@e1241@f4 | |
| 区块链从入门到精通= Block chain.-北京:中国青年出版社,2019.11 |
| 172页;24cm |
| ISBN 978-7-5153-5328-9:CNY48.00 |
| 互联网时代的到来, 区块链这一技术软件产生了, 认识区块链、了解区块链的使用、作用以及区块链使用过程中常见的问题。本书从区块链的概念入手, 让人们明白什么是区块链。 |
| ● |
| 相关链接 |
|
|
|
|
正题名:区块链从入门到精通
索取号:F713.361.3/1241
 
预约/预借
| 序号 | 登录号 | 条形码 | 馆藏地/架位号 | 状态 | 备注 |
| 1 | 1393391 | 213933911 | 第一样本阅览室/ [索取号:F713.361.3/1241] | 在馆 | |
| 2 | 1393392 | 213933920 | 第一借阅区/ [索取号:F713.361.3/1241] | 在馆 | |
| 3 | 1393393 | 213933939 | 第一借阅区/ [索取号:F713.361.3/1241] | 在馆 | |
| 4 | 1393394 | 213933948 | 第一借阅区/ [索取号:F713.361.3/1241] | 在馆 |